[Event "Fagernes op"]
[Site "Fagernes"]
[Date "2020.10.09"]
[Round "7"]
[White "Melkevik, Egil"]
[Black "Lund, Terje"]
[Result "0-1"]
[WhiteElo "1725"]
[BlackElo "2104"]
[PlyCount "64"]
[EventDate "2020.10.04"]
[EventType "swiss"]
[EventRounds "9"]
[EventCountry "NOR"]
[SourceTitle "EXT 2024"]
[Source "ChessBase"]
[SourceDate "2023.10.10"]
[SourceVersion "1"]
[SourceVersionDate "2023.10.10"]
[SourceQuality "1"]

1. d4 Nf6 2. Nc3 d5 3. Bf4 e6 4. e3 Bb4 5. Nge2 0-0 6. a3 Be7 7. Nc1 b6 8. Qf3 Bb7 9. g4 c5 10. Nb3 Ne4 11. h4 Nc6 12. Nxe4 dxe4 13. Qd1 cxd4 14. Nxd4 Qc8 15. Nb5 Rd8 16. Qe2 Bf6 17. c3 e5 18. g5 exf4 19. Bh3 Qb8 20. gxf6 Ne5 21. Rg1 Nf3+ 22. Qxf3 exf3 23. Rxg7+ Kh8 24. Bf5 Qe5 25. Rxh7+ Kg8 26. Rh5 Qxf6 27. Nd4 fxe3 28. fxe3 f2+ 29. Kxf2 Kf8 30. Rf1 Ke7 31. Ke1 Qe5 32. Bg4 Qg3+ 0-1

[Event "Fagernes op"]
[Site "Fagernes"]
[Date "2020.10.06"]
[Round "4"]
[White "Schouten, Mathias Lind"]
[Black "Melkevik, Egil"]
[Result "0-1"]
[WhiteElo "1822"]
[BlackElo "1725"]
[PlyCount "36"]
[EventDate "2020.10.04"]
[EventType "swiss"]
[EventRounds "9"]
[EventCountry "NOR"]
[SourceTitle "EXT 2024"]
[Source "ChessBase"]
[SourceDate "2023.10.10"]
[SourceVersion "1"]
[SourceVersionDate "2023.10.10"]
[SourceQuality "1"]

1. e4 b6 2. d4 Bb7 3. Nc3 e6 4. f4 Bb4 5. Bd3 f5 6. Qe2 Qh4+ 7. g3 Qe7 8. Nf3 Nf6 9. e5 Ne4 10. Bd2 Nxd2 11. Kxd2 c5 12. Rhg1 Nc6 13. dxc5 Qxc5 14. g4 Ne7 15. gxf5 Nd5 16. Raf1 Nxc3 17. bxc3 Qxc3+ 18. Ke3 Bc5+ 0-1

[Event "Prague Summer op-B 5th"]
[Site "Prague"]
[Date "2018.08.10"]
[Round "9"]
[White "Melkevik, Egil"]
[Black "Barabas, Ales"]
[Result "0-1"]
[WhiteElo "1733"]
[BlackElo "1767"]
[PlyCount "64"]
[EventDate "2018.08.03"]
[EventType "swiss"]
[EventRounds "9"]
[EventCountry "CZE"]
[SourceTitle "CBM 186 Extra"]
[Source "ChessBase"]
[SourceDate "2018.08.24"]
[SourceVersion "1"]
[SourceVersionDate "2018.08.24"]
[SourceQuality "1"]

1. d4 Nf6 2. Bf4 d6 3. e3 g6 4. Bd3 Bg7 5. Nd2 Nbd7 6. Ngf3 Nh5 7. c3 Nxf4 8. exf4 c5 9. h4 cxd4 10. cxd4 Nf6 11. Nb3 Qb6 12. Qd2 a5 13. Rc1 a4 14. Na1 Be6 15. Bc4 Ne4 16. Qe2 Bxc4 17. Rxc4 d5 18. Rc1 Qb4+ 19. Kf1 Bxd4 20. Nxd4 Qxd4 21. g3 0-0 22. Kg2 e6 23. Rcd1 Qf6 24. h5 g5 25. fxg5 Qxg5 26. Rh4 f5 27. Rh3 f4 28. Rd3 f3+ 29. Rxf3 Rxf3 30. Qxf3 Rf8 31. Qa3 Rxf2+ 32. Kh1 Qc1# 0-1

[Event "Prague Summer op-B 5th"]
[Site "Prague"]
[Date "2018.08.09"]
[Round "8"]
[White "Kovar, Josef"]
[Black "Melkevik, Egil"]
[Result "1/2-1/2"]
[WhiteElo "2040"]
[BlackElo "1733"]
[PlyCount "122"]
[EventDate "2018.08.03"]
[EventType "swiss"]
[EventRounds "9"]
[EventCountry "CZE"]
[SourceTitle "CBM 186 Extra"]
[Source "ChessBase"]
[SourceDate "2018.08.24"]
[SourceVersion "1"]
[SourceVersionDate "2018.08.24"]
[SourceQuality "1"]

1. c3 c6 2. h3 d5 3. d4 Bf5 4. Bf4 Qb6 5. Bc1 Nd7 6. Nd2 e6 7. Ngf3 Bd6 8. e3 Ngf6 9. Be2 Qd8 10. Nh4 Ne4 11. Nxf5 exf5 12. Qb3 Rb8 13. Nxe4 fxe4 14. Bd2 b5 15. a4 a6 16. axb5 axb5 17. Ra6 Nb6 18. Qa2 0-0 19. b3 Qg5 20. g3 Ra8 21. Kf1 Qf6 22. Kg2 Bc7 23. Rxa8 Rxa8 24. Qb2 Qd8 25. Ra1 f5 26. Ra3 Bd6 27. Ra2 g5 28. f3 Qb8 29. fxe4 dxe4 30. Rxa8 Nxa8 31. Be1 Qc7 32. Qc2 Nb6 33. c4 bxc4 34. bxc4 c5 35. Qb3 Nd7 36. Qb5 f4 37. Bg4 Nf6 38. Be6+ Kg7 39. exf4 gxf4 40. gxf4 Qa7 41. Ba5 Nh5 42. d5 Nxf4+ 43. Kf2 Qe7 44. Qd7 Nxe6 45. dxe6 Kg6 46. Bd8 Qf8+ 47. Qf7+ Qxf7+ 48. exf7 Kxf7 49. Ke3 Ke6 50. Kxe4 Be5 51. Be7 Bd4 52. Bf8 Bf2 53. Bg7 Bg3 54. Bf8 Bf2 55. Kf4 Bd4 56. h4 Kf7 57. Bh6 Kf6 58. h5 Ke6 59. Bg5 Bc3 60. Bd8 Bd4 61. Bc7 Kf6 1/2-1/2

[Event "Prague Summer op-B 2nd"]
[Site "Prague"]
[Date "2015.08.13"]
[Round "8"]
[White "Haslinger, Ewald"]
[Black "Melkevik, Egil"]
[Result "0-1"]
[WhiteElo "1664"]
[BlackElo "1773"]
[PlyCount "52"]
[EventDate "2015.08.07"]
[EventType "swiss"]
[EventRounds "9"]
[EventCountry "CZE"]
[SourceTitle "EXT 2017"]
[Source "ChessBase"]
[SourceDate "2016.10.25"]
[SourceVersion "1"]
[SourceVersionDate "2016.10.25"]
[SourceQuality "1"]

1. e4 d5 2. exd5 Qxd5 3. Nc3 Qd6 4. d4 c6 5. Nf3 Nf6 6. Bc4 Bg4 7. Be3 e6 8. h3 Bh5 9. g4 Bg6 10. Ne5 Qc7 11. Bf4 Bd6 12. Nxg6 hxg6 13. Bxd6 Qxd6 14. Qd2 Nxg4 15. 0-0-0 Nf6 16. Rde1 Rh4 17. Ne2 Nbd7 18. c3 b5 19. Bb3 Nb6 20. Qg5 Rh6 21. Ng3 a5 22. a3 b4 23. Nf5 gxf5 24. Qxg7 Rg6 25. Rxe6+ Qxe6 26. Qh8+ Ke7 0-1

[Event "Prague Summer op-B 2nd"]
[Site "Prague"]
[Date "2015.08.10"]
[Round "5"]
[White "Melkevik, Egil"]
[Black "Sargsjan, Karen"]
[Result "1-0"]
[WhiteElo "1773"]
[BlackElo "1877"]
[PlyCount "61"]
[EventDate "2015.08.07"]
[EventType "swiss"]
[EventRounds "9"]
[EventCountry "CZE"]
[SourceTitle "EXT 2017"]
[Source "ChessBase"]
[SourceDate "2016.10.25"]
[SourceVersion "1"]
[SourceVersionDate "2016.10.25"]
[SourceQuality "1"]

1. e4 e6 2. d3 c5 3. g3 Nc6 4. Bg2 Nf6 5. Ne2 Be7 6. 0-0 0-0 7. Nbc3 d5 8. exd5 exd5 9. d4 Bg4 10. Be3 cxd4 11. Bxd4 Nxd4 12. Qxd4 Rc8 13. Rfe1 Bc5 14. Qd3 Bh5 15. Bh3 Bg6 16. Qf3 Ne4 17. Nxe4 dxe4 18. Qb3 Rc6 19. Rad1 Qf6 20. Nf4 Bb6 21. Re2 Rd8 22. Nd5 Qg5 23. Bg2 Bh5 24. h4 Rxd5 25. Rxd5 Qc1+ 26. Kh2 Bxe2 27. Qxb6 g6 28. Rd8+ Kg7 29. Qd4+ f6 30. Qd7+ Kh6 31. Rh8 1-0

[Event "Prague Summer op-B 2nd"]
[Site "Prague"]
[Date "2015.08.09"]
[Round "4"]
[White "Melkevik, Egil"]
[Black "Veigl, Thomas"]
[Result "1-0"]
[WhiteElo "1773"]
[BlackElo "1956"]
[PlyCount "87"]
[EventDate "2015.08.07"]
[EventType "swiss"]
[EventRounds "9"]
[EventCountry "CZE"]
[SourceTitle "EXT 2017"]
[Source "ChessBase"]
[SourceDate "2016.10.25"]
[SourceVersion "1"]
[SourceVersionDate "2016.10.25"]
[SourceQuality "1"]

1. e4 c5 2. Nf3 g6 3. g3 Nc6 4. Bg2 Bg7 5. 0-0 d6 6. Re1 Nf6 7. d3 0-0 8. c3 Bg4 9. Nbd2 b5 10. h3 Bxf3 11. Bxf3 Rc8 12. Bg2 Qb6 13. Kh2 Nd7 14. f4 f5 15. exf5 gxf5 16. Bxc6 Qxc6 17. Rxe7 Rce8 18. Rxe8 Rxe8 19. Qf3 d5 20. Nf1 Qe6 21. Bd2 Qe2+ 22. Qxe2 Rxe2+ 23. Kg1 b4 24. Re1 Rxe1 25. Bxe1 bxc3 26. bxc3 d4 27. cxd4 cxd4 28. Bb4 Kf7 29. Nd2 Ke6 30. Kf2 h5 31. Nb3 Kd5 32. Kf3 Bf6 33. g4 hxg4+ 34. hxg4 fxg4+ 35. Kxg4 a6 36. Kf5 Bd8 37. Kg6 Bh4 38. Kh5 Bf6 39. Kg6 Bh4 40. Kf7 Bf6 41. Be7 Bh8 42. Nd2 Nc5 43. Bxc5 Kxc5 44. Kg8 1-0

[Event "Prague Summer op-B 2nd"]
[Site "Prague"]
[Date "2015.08.08"]
[Round "2"]
[White "Melkevik, Egil"]
[Black "Vlasak, Reinhard"]
[Result "1-0"]
[WhiteElo "1773"]
[BlackElo "2044"]
[PlyCount "97"]
[EventDate "2015.08.07"]
[EventType "swiss"]
[EventRounds "9"]
[EventCountry "CZE"]
[SourceTitle "EXT 2017"]
[Source "ChessBase"]
[SourceDate "2016.10.25"]
[SourceVersion "1"]
[SourceVersionDate "2016.10.25"]
[SourceQuality "1"]

1. e4 c5 2. Nf3 d6 3. g3 Nc6 4. Bg2 g6 5. 0-0 Bg7 6. Re1 e6 7. d3 Nge7 8. c3 Qb6 9. Nbd2 d5 10. a4 0-0 11. Nb3 Na5 12. Nxa5 Qxa5 13. Bd2 Bd7 14. Qc1 Qc7 15. Bf4 e5 16. Bh6 dxe4 17. Bxg7 Kxg7 18. Rxe4 Bc6 19. Re2 f6 20. Nh4 Bxg2 21. Nxg2 Rad8 22. d4 exd4 23. cxd4 Rxd4 24. Nf4 Rxf4 25. Qxf4 Qd7 26. Rae1 Rf7 27. Qe3 Nf5 28. Qxc5 Nd4 29. Re7 Nf3+ 30. Kh1 Nxe1 31. Rxd7 Rxd7 32. Qc1 Nd3 33. Qc2 g5 34. Qe2 h5 35. Kg2 g4 36. h3 Ne5 37. hxg4 hxg4 38. Qe4 b6 39. b4 Rd3 40. Qb7+ Kg6 41. a5 Rd8 42. Qe4+ Kg5 43. Qe2 Rd3 44. Qe4 bxa5 45. Qf4+ Kg6 46. bxa5 Rf3 47. Qe4+ Kh6 48. Qa8 Ra3 49. Qf8+ 1-0